00477nam a2200157Ia 4500008004100000100002700041245005000068245004500118260002400163260000900187300002300196440003200219650002600251650001400277650002800291190430s9999 xx 000 0 und d aSimeon, Louise Maureen aDENR firm on Boracay sewage treatment plants/ cMaureen Louise Simeon and Romina Cabrera bThe Philippine Star c2018 aPage 15, August 28 aThe Philippine Starv33:32  aBoracay (Philippines) aGeography asewage treatment plants